000 01320nam2a22002891 4500
001 v19\rc\1622333
005 20250618230940.0
035 _a(NLR Aleph) 004739611
090 _a4486790
_c4486790
100 _a20061002d1898 |||y0rusy50 ca
101 0 _arus
102 _aRU
105 _ay z |||||
200 0 _aЧ. 1
210 _d1898
_aБ. м.
215 _aXXIV, 214 с.
461 0 _1001v19\rc\1622332
_12001#$aЛекции интегрального исчисления, читанные на С.-Петербургских высших женских курсах академиком Н.Я. Сониным$eЧ. 1-$vЧ. 1
_1700#1$aСонин$bН.Я.$f1849-1915$gНиколай Яковлевич
_94486788
_aСонин, Н.Я. (1849-1915)
_cСанкт-Петербург
_d1898
_nС.-Петерб. высш. жен. курсы
_oЧ. 1-
_tЛекции интегрального исчисления, читанные на С.-Петербургских высших женских курсах академиком Н.Я. Сониным
_vЧ. 1
801 0 _aRU
_bNLR
_gpsbo
801 0 _aRU
_bRuMoRGB
_2psbo
801 1 _aRU
_bProSoft-M
_2rusmarc
852 _aNLR
_j20.84.5.35
852 _aNLR
_j127/1749
899 _aRuMoRGB
_jS 38/348
899 _aБАН
899 _aНБ МГУ
942 _cBOOK
980 _aNB